[Event "III Trofeo dell'Etna A"]
[Site "Catania ITA"]
[Date "2003.12.06"]
[Round "2"]
[White "Santagati, Alessandro"]
[Black "Ljubisavljevic, Zivojin Z."]
[Result "1/2-1/2"]
[WhiteElo "2170"]
[BlackElo "2316"]
[PlyCount "115"]
[EventDate "2003.12.06"]

1. d4 g6 2. c4 Bg7 3. Nc3 d6 4. e4 Nc6 5. Be3 e5 6. Nge2 exd4 7. Nxd4 Nf6 8.
Be2 O-O 9. O-O Re8 10. f3 Nh5 11. f4 Nf6 12. Bf3 Bd7 13. Qd2 Qc8 14. h3 a5 15.
Rae1 a4 16. a3 Na5 17. Bf2 Nxc4 18. Qe2 Nb6 19. Rc1 Nfd5 20. Ncb5 Nxf4 21. Qd2
Bh6 22. Be3 Nbd5 23. Nxd6 Nxe3 24. Nxc8 Nxf1 25. Kxf1 Raxc8 26. Rc3 c5 27. Ne2
Bb5 28. Qc2 Red8 29. Kg1 Nxe2+ 30. Bxe2 Rd2 31. Bxb5 Be3+ 32. Kf1 Rxc2 33. Rxc2
Ra8 34. Ke2 Bd4 35. Kd3 Kf8 36. Kc4 Ke7 37. b3 axb3 38. Kxb3 Kd6 39. g3 f6 40.
a4 Ke5 41. Re2 h5 42. h4 g5 43. hxg5 fxg5 44. Bd7 Rd8 45. Bf5 Bg1 46. Rg2 Be3
47. Re2 Rd3+ 48. Kc4 Ra3 49. a5 Bd4 50. Rh2 Rxa5 51. Rxh5 b5+ 52. Kb3 Be3 53.
Rh6 c4+ 54. Kb4 Bd2+ 55. Kc5 Be3+ 56. Kb4 Bd2+ 57. Kc5 Be3+ 58. Kb4 1/2-1/2

[Event "III Trofeo dell'Etna A"]
[Site "Catania ITA"]
[Date "2003.12.08"]
[Round "5"]
[White "Blandini, Carmelo"]
[Black "Fabiano, Giuseppe"]
[Result "1-0"]
[WhiteElo "1713"]
[BlackElo "2282"]
[PlyCount "53"]
[EventDate "2003.12.06"]

1. e4 c5 2. Nf3 d6 3. d4 cxd4 4. Nxd4 Nf6 5. Nc3 a6 6. a4 e6 7. Be2 Be7 8. Be3
O-O 9. O-O Bd7 10. f3 Nc6 11. Nb3 Na5 12. Nxa5 Qxa5 13. Qe1 Rfc8 14. Qf2 Rxc3
15. bxc3 Qxc3 16. a5 e5 17. Rfd1 d5 18. exd5 Nxd5 19. Rxd5 Qxa1+ 20. Rd1 Qa4
21. Bb6 Bf5 22. Bd3 Bxd3 23. Rxd3 Rc8 24. Qd2 Rxc2 25. Rd8+ Bf8 26. Rxf8+ Kxf8
27. Qd6+ 1-0